| 000 | 00383nam a2200097Ia 4500 | ||
|---|---|---|---|
| 082 | _a745.5|HILL | ||
| 245 | 0 | _a200 craft projects made easy : hundreds of beautiful things to make, plus home decorating ideas, all shown step-by-step with over 1750 photographs | |
| 100 |
_a Hill, Simona London, [c.2009] _965094 |
||
| 942 | _cBK | ||
| 008 | 210817s9999 xx 000 0 und d | ||
| 999 |
_c207556 _d207555 |
||